[Event "RN-2013-0-00664"]
[Site "LSS email"]
[Date "2013.07.05"]
[Round "?"]
[White "Meyer, Frank"]
[Black "Azimov, Andrey"]
[Result "1-0"]
[WhiteElo "905"]
[BlackElo "800"]
[PlyCount "75"]
[EventDate "2013.06.27"]
[EventType "tourn (corr)"]
[EventRounds "6"]
[EventCountry "GER"]
[SourceTitle "Telechess CBM 163"]
[Source "ChessBase"]
[SourceDate "2014.11.11"]
[SourceVersion "2"]
[SourceVersionDate "2014.11.11"]
[SourceQuality "1"]

1. d4 Nf6 2. c4 g6 3. Nf3 Bg7 4. Bf4 0-0 5. e3 d6 6. Be2 Nh5 7. Bg3 Nxg3 8. hxg3 c5 9. 0-0 Bg4 10. Nc3 Bxf3 11. Bxf3 cxd4 12. exd4 Nc6 13. d5 Nd4 14. Be4 a6 15. Rb1 b5 16. cxb5 axb5 17. a3 b4 18. axb4 Qb6 19. Ne2 Qxb4 20. Nc3 Nb3 21. Qe2 Bxc3 22. bxc3 Qxc3 23. Rb2 Nd4 24. Qd2 Qxd2 25. Rxd2 Nb3 26. Rb2 Nc5 27. Bf3 Rfb8 28. Rfb1 Rxb2 29. Rxb2 Kg7 30. Kh2 h6 31. Kh3 Nd3 32. Rd2 Ra3 33. Be4 Ne5 34. f4 Nc4 35. Rc2 Ne3 36. Rc7 f5 37. Bf3 Kf6 38. Rb7 1-0